000 00469nam a2200181Ia 4500
001 7392
005 20260306160452.0
008 260306t2014||||xx |||||||||||||| ||spa||
041 _aESP
082 _a338.9
_bM86
100 _aMorán Álvarez, Juan Carlos
_eAUT
245 0 _aClaves para el diseño de la política económica en la actualidad
260 _c2014
300 _a220 páginas :
_c24 cm.
650 _aGEN
654 _aCAN
942 _cLIB
_dJUS
_fJUS
_2ddc
_n
999 _c7392
_d7392